A carregar...

A history of Sri lanka.

Detalhes bibliográficos
Autor principal: De Silva,K.M
Formato: Printed Book
Publicado em: Delhi : Oxford University Press, 1981.
Assuntos:
LEADER 00472nam a22001457a 4500
020 |a 0195616553 
082 |a 954.93  |b DES/H 
100 |a De Silva,K.M. 
245 |a A history of Sri lanka. 
260 |a Delhi :  |b Oxford University Press,  |c 1981. 
300 |a xv,603p.; 
650 |a History  |z Sri Lanka 
942 |c BK 
999 |c 100113  |d 100113 
952 |0 0  |1 0  |4 0  |6 954_930000000000000_DES_H  |7 0  |9 93400  |a SSS  |b SSS  |c GEN  |d 2012-03-20  |g 375.00  |l 0  |o 954.93 DES/H  |p SSS02184  |r 2012-03-20  |w 2012-03-20  |y BK